000 00439nam a2200145 i 4500
001 50337
003 ES-MaACL
007 t|
008 030804s1953 sp ||||1| spa d
100 1 _aCueva, Bernardo.
_942083
245 1 0 _aDoctrina y vida marianas /
_cpor Bernardo Cueva.
260 _aMadrid :
_bS.M.,
_c[1953] (
_eBurgos :
_fHijos de Santiago Rodríguez)
300 _a354 p., 8 lám. ;
_c20 cm.
852 _aES-MaACL
_jC-8396
_bR.36491
999 _c50337
_d50337